| 000 | 00640nam a2200205Ia 4500 | ||
|---|---|---|---|
| 003 | OSt | ||
| 005 | 20250725145641.0 | ||
| 008 | 210210b2000 xxu||||| |||| 00| 0 eng d | ||
| 040 | _cAL | ||
| 041 | _aKannada | ||
| 082 | _aK894.9 PRAS | ||
| 100 |
_aPRABHAVATI (Es Vi) _dಪ್ರಭಾವತಿ (ಎಸ್ ವಿ) _9220186 |
||
| 245 |
_aStrivadada prastutate _bಸ್ತ್ರೀವಾದದ ಪ್ರಸ್ತುತತೆ |
||
| 260 |
_aBengaluru _bEs Vi Prabhavati _c2000 |
||
| 300 | _aviii,91 | ||
| 650 |
_aMahile Parva Bhumi Hennu Ramayana Savu _9220187 |
||
| 690 |
_aKannada Criticism _9220188 |
||
| 906 | _a056982 | ||
| 942 |
_2ddc _cBK |
||
| 999 |
_c104352 _d104352 |
||